Landkreise Deutschlands mit den meisten Städten - Statistiken

Allgemein
  • Dieses Quiz wurde 69 mal gespielt
  • Das Durchschnittsergebnis liegt bei 9 aus 17
Antwortstatistiken
Städte Landkreis BL % Korrekt
14 Görlitz SN
75%
27 Erzgebirgskreis SN
69%
14 Vorpommern-Greifswald MV
69%
15 Bautzen SN
68%
21 Mittelsachsen SN
68%
17 Region Hannover NI
68%
19 Sächsische Schweiz-Osterzgebirge SN
68%
19 Leipzig SN
63%
17 Mecklenburgische Seenplatte MV
63%
16 Vogtland SN
61%
16 Ludwigslust-Parchim MV
47%
14 Zwickau SN
47%
16 Ortenaukreis BW
39%
17 Rhein-Neckar-Kreis BW
39%
19 Ludwigsburg BW
37%
14 Wetteraukreis HE
29%
18 Heilbronn BW
15%
Keine übereinstimmenden Quizze gefunden
Verteilung der Resultate
Anzahl Personen mit jedem Resultat
Perzentil nach korrekt beantworteten Fragen
Ihre Resultats-Entwicklung
Sie haben dieses Quiz noch nicht gespielt